| 000 | 00929cam a2200265 4500 | ||
|---|---|---|---|
| 008 | 000000n2000 000 0 eng u | ||
| 020 | _a0860175413 | ||
| 035 | _a(Sirsi) u109459 | ||
| 050 | _a333.9164 | ||
| 100 | _aMillard, K. | ||
| 110 |
_aConstruction Industry Research and Information Association _94810 |
||
| 245 | _aMaximising the use and exchange of coastal data : a guide to best practice. | ||
| 260 |
_aLondon _bCIRIA _c2000 |
||
| 300 | _a83p. ; 30cm. | ||
| 490 |
_aCiria Publication _vC541 |
||
| 500 | _a40.00 | ||
| 520 | _aA guide to best practice aimed at improving the management of data by those who operate in the coastal zone. | ||
| 650 | _aCOASTAL MANAGEMENT | ||
| 650 | _aMANAGEMENT-BUSINESS MANAGEMENT-INFORMATION MANAGEMENT | ||
| 650 | _aCOASTAL ZONES | ||
| 650 | _aDATA MANAGEMENT | ||
| 690 | _aMANAGEMENT-BUSINESS MANAGEMENT-INFORMATION MANAGEMENT | ||
| 700 | _aSayers, P. | ||
| 942 | _n0 | ||
| 999 |
_c100945 _d100945 |
||